[Event "IND-ch U19 Girls"]
[Site "Ahmedabad"]
[Date "2023.09.26"]
[Round "9"]
[White "Anushka, Gupta"]
[Black "Sachi, Jain"]
[Result "0-1"]
[WhiteElo "1675"]
[BlackElo "1756"]
[PlyCount "104"]
[EventDate "2023.09.20"]
[EventType "swiss"]
[EventRounds "11"]
[EventCountry "IND"]
[SourceTitle "EXT 2024"]
[Source "ChessBase"]
[SourceDate "2023.10.10"]
[SourceVersion "1"]
[SourceVersionDate "2023.10.10"]
[SourceQuality "1"]

1. e4 e5 2. Bc4 Nf6 3. d3 Bc5 4. Nc3 d6 5. f4 Ng4 6. f5 h5 7. Nh3 Nc6 8. Nd5 Na5 9. b4 Nxc4 10. bxc5 Na5 11. cxd6 Qxd6 12. 0-0 c6 13. Ba3 Qd8 14. Qd2 cxd5 15. exd5 Qxd5 16. Qg5 Qd8 17. f6 g6 18. Rae1 Be6 19. Be7 Qd4+ 20. Nf2 Qf4 21. Qxf4 exf4 22. Ne4 Ne3 23. Rf2 Nf5 24. Ba3 0-0-0 25. Rxf4 Nc6 26. Nc5 Ncd4 27. Rf2 b6 28. Ne4 Kb7 29. h3 h4 30. Kh2 Nb5 31. Bb2 Nbd6 32. Ng5 Rhe8 33. Nxe6 Rxe6 34. Rxe6 fxe6 35. Be5 Nf7 36. Bb2 e5 37. Ba3 Re8 38. Be7 Nxe7 39. fxe7 Rxe7 40. Rf6 g5 41. g3 hxg3+ 42. Kxg3 Kc7 43. c4 Kd7 44. a4 e4 45. dxe4 Nd6 46. Kg4 Nxe4 47. Rf5 Ke6 48. Rf8 Ke5 49. Rd8 Rf7 50. Rd5+ Ke6 51. Rd8 Rf4+ 52. Kh5 Kf7 0-1

[Event "IND-ch U19 Girls"]
[Site "Ahmedabad"]
[Date "2023.09.23"]
[Round "5"]
[White "Anishka, Vikram"]
[Black "Anushka, Gupta"]
[Result "1-0"]
[WhiteElo "1773"]
[BlackElo "1675"]
[PlyCount "113"]
[EventDate "2023.09.20"]
[EventType "swiss"]
[EventRounds "11"]
[EventCountry "IND"]
[SourceTitle "EXT 2024"]
[Source "ChessBase"]
[SourceDate "2023.10.10"]
[SourceVersion "1"]
[SourceVersionDate "2023.10.10"]
[SourceQuality "1"]

1. d4 Nf6 2. c4 e6 3. Nc3 Bb4 4. e3 c5 5. Nge2 cxd4 6. exd4 d5 7. a3 Bxc3+ 8. Nxc3 dxc4 9. Bxc4 0-0 10. 0-0 Nbd7 11. Bg5 a6 12. Bd3 Qa5 13. Bh4 b5 14. Qf3 Rb8 15. Ne4 Nd5 16. Bg3 Ra8 17. Bd6 Bb7 18. Bxf8 Rxf8 19. Rac1 Qb6 20. Nc5 Bc8 21. Nxd7 Bxd7 22. Rc5 b4 23. Rfc1 a5 24. Qh3 f5 25. Qg3 bxa3 26. bxa3 Qb2 27. Bf1 Qb6 28. Bc4 Nf6 29. Rc7 f4 30. Qf3 Qd6 31. Qb7 f3 32. g3 h5 33. Re1 Re8 34. Bf1 h4 35. Bh3 g5 36. d5 g4 37. Bxg4 hxg3 38. hxg3 exd5 39. Rxe8+ Bxe8 40. Bxf3 d4 41. Qb3+ Kf8 42. Rc1 d3 43. Rc3 Bg6 44. Rc6 Qe5 45. Qc3 Nd7 46. Rc8+ Ke7 47. Qd2 Qf6 48. Qe3+ Qe5 49. Qd2 Qf6 50. Bg2 Qe5 51. Rc1 Kf6 52. Rc6+ Kf7 53. Rxg6 Kxg6 54. Qxd3+ Kf6 55. Qxd7 Qa1+ 56. Kh2 Qxa3 57. Bd5 1-0

[Event "Bhubaneswar op-A 14th"]
[Site "Bhubaneswar"]
[Date "2023.06.16"]
[Round "8"]
[White "Atrinjay, Saha"]
[Black "Anushka, Gupta"]
[Result "1-0"]
[WhiteElo "1389"]
[BlackElo "1742"]
[PlyCount "80"]
[EventDate "2023.06.11"]
[EventType "swiss"]
[EventRounds "10"]
[EventCountry "IND"]
[SourceTitle "CBM 214 Extra"]
[Source "ChessBase"]
[SourceDate "2023.07.31"]
[SourceVersion "1"]
[SourceVersionDate "2023.07.31"]
[SourceQuality "1"]

1. e4 c5 2. Nf3 d6 3. d4 cxd4 4. Nxd4 Nf6 5. f3 e5 6. Nb3 d5 7. Bg5 Be6 8. Bxf6 gxf6 9. exd5 Qxd5 10. Qxd5 Bxd5 11. Nc3 Bc6 12. Nb5 Bxb5 13. Bxb5+ Kd8 14. Rd1+ Kc7 15. Bc4 Bh6 16. Bxf7 Nc6 17. c3 Rad8 18. Ke2 b6 19. Bc4 Ne7 20. Rxd8 Rxd8 21. Bd3 f5 22. g4 fxg4 23. fxg4 Rg8 24. h3 Rg7 25. Be4 Nc8 26. Rf1 Bf4 27. Nd2 Rd7 28. Rd1 Nd6 29. Bd5 Re7 30. Kf3 Re8 31. Ne4 Nxe4 32. Kxe4 h6 33. Rg1 Bg5 34. Rf1 Bf4 35. h4 Re7 36. Rg1 Rg7 37. Kf5 Kd8 38. g5 hxg5 39. hxg5 Rd7 40. Bc4 Be3 1-0

[Event "Bhubaneswar op-A 13th"]
[Site "Bhubaneswar"]
[Date "2022.05.26"]
[Round "7"]
[White "Sangma, Rahul"]
[Black "Anushka, Gupta"]
[Result "1-0"]
[WhiteElo "2232"]
[BlackElo "1658"]
[PlyCount "85"]
[EventDate "2022.05.22"]
[EventType "swiss"]
[EventRounds "10"]
[EventCountry "IND"]
[SourceTitle "CBM 208 Extra"]
[Source "ChessBase"]
[SourceDate "2022.07.31"]
[SourceVersion "1"]
[SourceVersionDate "2022.07.31"]
[SourceQuality "1"]

1. Nf3 Nf6 2. c4 e6 3. b3 d5 4. Bb2 Be7 5. g3 b6 6. Bg2 Bb7 7. 0-0 0-0 8. e3 Nbd7 9. Qe2 c5 10. Nc3 Re8 11. Rfd1 Rc8 12. Rac1 Qc7 13. cxd5 Nxd5 14. Nxd5 Bxd5 15. e4 Bc6 16. d4 Qb7 17. dxc5 Bxc5 18. Nd4 Bxd4 19. Rxd4 Nc5 20. f3 a5 21. Rcd1 b5 22. Rd6 b4 23. Qe3 Bb5 24. Qg5 e5 25. Bxe5 Ne6 26. Qe3 Rc6 27. Bh3 h6 28. R6d2 Rec8 29. Bb2 Qb6 30. Qxb6 Rxb6 31. f4 a4 32. f5 Ng5 33. Rd8+ Rxd8 34. Rxd8+ Kh7 35. Bg2 Rc6 36. bxa4 Bxa4 37. h4 Rc2 38. Be5 Rxa2 39. hxg5 hxg5 40. Rb8 b3 41. Rb4 f6 42. Bd4 Kh6 43. g4 1-0

[Event "IND-ch U16 Girls"]
[Site "New Delhi"]
[Date "2022.03.08"]
[Round "8"]
[White "Anushka, Gupta"]
[Black "Vakcheri, Mohitha"]
[Result "1-0"]
[WhiteElo "1661"]
[BlackElo "1459"]
[PlyCount "95"]
[EventDate "2022.03.04"]
[EventType "swiss"]
[EventRounds "9"]
[EventCountry "IND"]
[SourceTitle "CBM 207 Extra"]
[Source "ChessBase"]
[SourceDate "2022.05.31"]
[SourceVersion "1"]
[SourceVersionDate "2022.05.31"]
[SourceQuality "1"]

1. e4 c5 2. Ne2 g6 3. Nbc3 Bg7 4. g3 d6 5. Bg2 Nc6 6. d3 Nf6 7. h3 0-0 8. 0-0 Nd4 9. Be3 e5 10. f4 Nh5 11. fxe5 Bxe5 12. g4 Nxe2+ 13. Nxe2 Ng7 14. c3 f5 15. exf5 gxf5 16. gxf5 Bxf5 17. d4 cxd4 18. cxd4 Bf6 19. Ng3 Bg5 20. Qd2 Bxe3+ 21. Qxe3 Kh8 22. Rf4 Qg5 23. Qf2 Nh5 24. Nxh5 Qxh5 25. Rf1 Rg8 26. Rxf5 Qxh3 27. Rf3 Qg4 28. Kh2 Rae8 29. Rg3 Qh4+ 30. Rh3 Qg5 31. Qf6+ Qxf6 32. Rxf6 Re2 33. Rg3 Rxb2 34. Rxg8+ Kxg8 35. Kg3 Kg7 36. Rxd6 Rxa2 37. Rd7+ Kf6 38. Rxb7 h6 39. d5 Ra3+ 40. Kf4 Ra4+ 41. Be4 h5 42. Rh7 a5 43. Rxh5 Rd4 44. Rh6+ Ke7 45. Ra6 Ra4 46. Ke5 Ra1 47. Ra7+ Kd8 48. Kd6 1-0

[Event "IND-ch U16 Girls"]
[Site "New Delhi"]
[Date "2022.03.08"]
[Round "9"]
[White "Boramanikar, Tanisha S"]
[Black "Anushka, Gupta"]
[Result "1/2-1/2"]
[WhiteElo "1670"]
[BlackElo "1661"]
[PlyCount "60"]
[EventDate "2022.03.04"]
[EventType "swiss"]
[EventRounds "9"]
[EventCountry "IND"]
[SourceTitle "CBM 207 Extra"]
[Source "ChessBase"]
[SourceDate "2022.05.31"]
[SourceVersion "1"]
[SourceVersionDate "2022.05.31"]
[SourceQuality "1"]

1. e4 c5 2. c3 d5 3. exd5 Nf6 4. Bb5+ Nbd7 5. c4 a6 6. Bxd7+ Qxd7 7. Nf3 e6 8. Qe2 Bd6 9. dxe6 Qxe6 10. Qxe6+ Bxe6 11. b3 0-0 12. Bb2 Nh5 13. 0-0 Nf4 14. d4 Ne2+ 15. Kh1 Nxd4 16. Nxd4 cxd4 17. Bxd4 Rad8 18. Bb6 Rd7 19. Nc3 Bb4 20. Na4 h5 21. a3 Be7 22. Bc5 b5 23. Bxe7 Rxe7 24. cxb5 Bxb3 25. Nc3 Rc8 26. Rfc1 Rec7 27. b6 Rb7 28. Ne4 Rxc1+ 29. Rxc1 Rxb6 30. Rb1 a5 1/2-1/2

[Event "IND-ch U16 Girls"]
[Site "New Delhi"]
[Date "2022.03.05"]
[Round "3"]
[White "Dakshita, Kumawat"]
[Black "Anushka, Gupta"]
[Result "1-0"]
[WhiteElo "1395"]
[BlackElo "1661"]
[PlyCount "47"]
[EventDate "2022.03.04"]
[EventType "swiss"]
[EventRounds "9"]
[EventCountry "IND"]
[SourceTitle "CBM 207 Extra"]
[Source "ChessBase"]
[SourceDate "2022.05.31"]
[SourceVersion "1"]
[SourceVersionDate "2022.05.31"]
[SourceQuality "1"]

1. d4 Nf6 2. Bf4 d5 3. e3 e6 4. Nf3 Be7 5. Nbd2 0-0 6. c3 c5 7. Ne5 b6 8. Bd3 Bb7 9. Qf3 Nbd7 10. Qh3 Re8 11. g4 g6 12. Ndf3 Nxe5 13. Nxe5 a6 14. f3 Bf8 15. Kf2 Bg7 16. Qg3 Nd7 17. g5 f6 18. gxf6 Bxf6 19. Nxg6 Kf7 20. Qh3 Bg7 21. Qxh7 cxd4 22. cxd4 Rg8 23. Nh8+ Ke7 24. Rhg1 1-0

[Event "Eastern Asia-ch U16 Girls"]
[Site "Tornelo INT"]
[Date "2021.10.23"]
[Round "4"]
[White "Anushka, Gupta"]
[Black "Dhyana, Patel"]
[Result "0-1"]
[WhiteElo "1130"]
[BlackElo "1740"]
[PlyCount "96"]
[EventDate "2021.10.22"]
[EventType "swiss"]
[EventRounds "9"]
[EventCountry "NET"]
[SourceTitle "EXT 2023"]
[Source "ChessBase"]
[SourceDate "2022.10.05"]
[SourceVersion "1"]
[SourceVersionDate "2022.10.05"]
[SourceQuality "1"]

1. e4 c5 2. Ne2 Nf6 3. Nbc3 d5 4. exd5 Nxd5 5. g3 Nc6 6. Bg2 Nxc3 7. Nxc3 g6 8. d3 Bg7 9. 0-0 0-0 10. Be3 c4 11. Qd2 cxd3 12. cxd3 Bf5 13. Rfd1 Rc8 14. Rac1 Ne5 15. Ne4 Rxc1 16. Qxc1 Qa5 17. Qb1 Rd8 18. h3 Be6 19. b3 Bd5 20. Qc2 Nc6 21. Bd2 Qc7 22. Rc1 Bd4 23. Bf4 Qb6 24. h4 Kg7 25. h5 f6 26. Qe2 e5 27. Bd2 Ne7 28. Qg4 Nf5 29. Qf3 Bxe4 30. Qxe4 Bxf2+ 31. Kh2 Bxg3+ 32. Kh3 Rd4 33. h6+ Kf7 34. Qxb7+ Qxb7 35. Bxb7 Rh4+ 36. Kg2 Rh2+ 37. Kf3 Rxd2 38. Rc7+ Ke6 39. Bc8+ Kd6 40. Rxh7 Rxd3+ 41. Ke2 Re3+ 42. Kd1 Re1+ 43. Kd2 Rh1 44. Rd7+ Kc6 45. h7 Rh2+ 46. Kd3 Bf4 47. b4 Nd6 48. a4 Nxc8 0-1

[Event "IND-ch U13 Girls 33rd"]
[Site "Visakhapatnam"]
[Date "2019.05.07"]
[Round "5"]
[White "Anushka, Gupta"]
[Black "Velpula, Sarayu"]
[Result "0-1"]
[WhiteElo "1456"]
[BlackElo "1768"]
[PlyCount "62"]
[EventDate "2019.05.04"]
[EventType "swiss"]
[EventRounds "11"]
[EventCountry "IND"]
[SourceTitle "CBM 190 Extra"]
[Source "ChessBase"]
[SourceDate "2019.07.15"]
[SourceVersion "1"]
[SourceVersionDate "2019.07.15"]
[SourceQuality "1"]

1. e4 c5 2. Ne2 g6 3. g3 Bg7 4. Bg2 Nc6 5. c3 e5 6. 0-0 Nge7 7. f4 d6 8. d3 0-0 9. Be3 f5 10. Na3 Be6 11. Nc2 fxe4 12. dxe4 b6 13. Qd2 Qc7 14. Rfd1 Rad8 15. Qe1 Bf7 16. fxe5 dxe5 17. b3 Be6 18. Bg5 h6 19. Be3 Bg4 20. Bf2 Bf3 21. Ne3 Bxg2 22. Kxg2 Nc8 23. Rxd8 Nxd8 24. Qd2 Qf7 25. Qd5 Ne6 26. Rf1 Ne7 27. Qc4 b5 28. Qxb5 Qf3+ 29. Kg1 Ng5 30. Qd7 Nf5 31. Qd5+ Kh7 0-1

[Event "IND-ch U15 Girls"]
[Site "Kolkata"]
[Date "2018.07.18"]
[Round "2"]
[White "Anushka, Gupta"]
[Black "Divya, Deshmukh"]
[Result "0-1"]
[WhiteElo "1457"]
[BlackElo "2203"]
[PlyCount "118"]
[EventDate "2018.07.17"]
[EventType "swiss"]
[EventRounds "11"]
[EventCountry "IND"]
[SourceTitle "CBM 186 Extra"]
[Source "ChessBase"]
[SourceDate "2018.08.24"]
[SourceVersion "1"]
[SourceVersionDate "2018.08.24"]
[SourceQuality "1"]

1. e4 c5 2. Nf3 d6 3. d4 cxd4 4. Nxd4 Nf6 5. Nc3 a6 6. Bc4 Qc7 7. Bb3 e6 8. Be3 Be7 9. f3 b5 10. g4 0-0 11. Qd2 Nc6 12. 0-0-0 Bb7 13. h4 Nd7 14. Nxe6 fxe6 15. Bxe6+ Kh8 16. Nd5 Qd8 17. Bxd7 Qxd7 18. Nb6 Qe6 19. Qd5 Qxd5 20. exd5 Ne5 21. Nxa8 Bxa8 22. Bd4 Nxf3 23. Rhf1 Bxd5 24. Bxg7+ Kxg7 25. Rxd5 Nxh4 26. Re1 Rf7 27. Rh5 Ng2 28. Reh1 h6 29. Rg1 Nf4 30. Rh2 Bg5 31. Kd1 Ng6 32. Re2 Ne5 33. Rge1 Rf4 34. Re4 Kf6 35. c3 Rxg4 36. Rf1+ Ke7 37. Rfe1 Rxe4 38. Rxe4 Ke6 39. Ke2 d5 40. Rd4 Bc1 41. b3 Nc6 42. Rg4 Bg5 43. a4 Kf5 44. Rg2 b4 45. Kd3 bxc3 46. Kxc3 Bf6+ 47. Kd2 a5 48. Rg8 Ke4 49. Re8+ Be5 50. Re6 Nd4 51. Ra6 Nxb3+ 52. Kc2 Nd4+ 53. Kd2 h5 54. Kd1 h4 55. Rxa5 h3 56. Ra6 Nf5 57. Ra7 Bg7 58. Ra8 h2 59. Re8+ Be5 0-1